Hard time blues
| Main Author: | |
|---|---|
| Format: | Print Book |
| Language: | English |
| Published: |
New York
Thomas Dunne Books/St. Martin's Pr.
2002
|
| In: | Year: 2002 |
| Edition: | 1. ed. |
| Availability in Tübingen: | Present in Tübingen. IFK: P I 722 UB: KB 19 A 9162 |
| Check availability: | HBZ Gateway |
| Subito Delivery Service: | Order now. |
| Keywords: |
MARC
| LEADER | 00000cam a2200000 c 4500 | ||
|---|---|---|---|
| 001 | 1622620941 | ||
| 003 | DE-627 | ||
| 005 | 20251225202528.0 | ||
| 007 | tu | ||
| 008 | 020213s2002 xx ||||| 00| ||eng c | ||
| 010 | |a 2001059243 | ||
| 020 | |a 0312268114 |9 0-312-26811-4 | ||
| 035 | |a (DE-627)1622620941 | ||
| 035 | |a (DE-576)097044814 | ||
| 035 | |a (DE-599)BSZ097044814 | ||
| 035 | |a (OCoLC)314277162 | ||
| 040 | |a DE-627 |b ger |c DE-627 |e rakwb | ||
| 041 | |a eng | ||
| 050 | 0 | |a HV9950.A335 2002 | |
| 082 | 0 | |a 364.973 | |
| 100 | 1 | |a Abramsky, Sasha |d 1972- |0 (DE-588)13597819X |0 (DE-627)573843155 |0 (DE-576)300756291 |4 aut | |
| 109 | |a Abramsky, Sasha 1972- | ||
| 245 | 1 | 0 | |a Hard time blues |c Sasha Abramsky |
| 250 | |a 1. ed. | ||
| 264 | 1 | |a New York |b Thomas Dunne Books/St. Martin's Pr. |c 2002 | |
| 300 | |a XX, 284 S. | ||
| 336 | |a Text |b txt |2 rdacontent | ||
| 337 | |a ohne Hilfsmittel zu benutzen |b n |2 rdamedia | ||
| 338 | |a Band |b nc |2 rdacarrier | ||
| 583 | 1 | |a Archivierung prüfen |c 20200919 |f DE-640 |z 3 |2 pdager | |
| 600 | 1 | 0 | |a Ochoa, Billy |
| 600 | 1 | 0 | |a Wilson, Pete |
| 650 | 0 | |a Criminal justice, Administration of |x Political aspects |x United States | |
| 650 | 0 | |a Discrimination in criminal justice administration |x United States | |
| 650 | 0 | |a Imprisonment |x United States | |
| 650 | 0 | |a Sentences Criminal procedure |x United States | |
| 650 | 0 | |a Criminal justice, Administration of |x Political aspects |x California | |
| 689 | 0 | 0 | |d g |0 (DE-588)4078704-7 |0 (DE-627)106076612 |0 (DE-576)209209682 |a USA |2 gnd |
| 689 | 0 | 1 | |d s |0 (DE-588)4033181-7 |0 (DE-627)106258575 |0 (DE-576)20900052X |a Kriminalpolitik |2 gnd |
| 689 | 0 | |5 (DE-627) | |
| 689 | 1 | 0 | |d g |0 (DE-588)4078704-7 |0 (DE-627)106076612 |0 (DE-576)209209682 |a USA |2 gnd |
| 689 | 1 | 1 | |d s |0 (DE-588)4183472-0 |0 (DE-627)105302465 |0 (DE-576)210018860 |a Strafjustiz |2 gnd |
| 689 | 1 | 2 | |d s |0 (DE-588)4012472-1 |0 (DE-627)106348310 |0 (DE-576)20889862X |a Diskriminierung |2 gnd |
| 689 | 1 | |5 (DE-627) | |
| 689 | 2 | 0 | |d g |0 (DE-588)4078704-7 |0 (DE-627)106076612 |0 (DE-576)209209682 |a USA |2 gnd |
| 689 | 2 | 1 | |d s |0 (DE-588)4057808-2 |0 (DE-627)106149415 |0 (DE-576)20912377X |a Strafvollzug |2 gnd |
| 689 | 2 | 2 | |d s |0 (DE-588)4012472-1 |0 (DE-627)106348310 |0 (DE-576)20889862X |a Diskriminierung |2 gnd |
| 689 | 2 | |5 (DE-627) | |
| 951 | |a BO | ||
| ELC | |b 1 | ||
| LOK | |0 000 xxxxxcx a22 zn 4500 | ||
| LOK | |0 001 3246546584 | ||
| LOK | |0 003 DE-627 | ||
| LOK | |0 004 1622620941 | ||
| LOK | |0 005 20020612000000 | ||
| LOK | |0 008 020515||||||||||||||||ger||||||| | ||
| LOK | |0 040 |a DE-21 |c DE-627 |d DE-21 | ||
| LOK | |0 852 |a DE-21 | ||
| LOK | |0 852 1 |c KB 19 A 9162 |9 00 | ||
| LOK | |0 935 |a krim | ||
| LOK | |0 936ln |a k2.4 | ||
| LOK | |0 939 |a 15-05-02 |b l01 | ||
| LOK | |0 000 xxxxxcx a22 zn 4500 | ||
| LOK | |0 001 324654669X | ||
| LOK | |0 003 DE-627 | ||
| LOK | |0 004 1622620941 | ||
| LOK | |0 005 20100512082736 | ||
| LOK | |0 008 020702||||||||||||||||ger||||||| | ||
| LOK | |0 040 |a DE-21-110 |c DE-627 |d DE-21-110 | ||
| LOK | |0 689 |a s |a Gefängnis | ||
| LOK | |0 689 |a s |a Gefängniswesen | ||
| LOK | |0 689 |a s |a USA | ||
| LOK | |0 689 |a s |a Geschichte | ||
| LOK | |0 852 |a DE-21-110 | ||
| LOK | |0 852 1 |c P I 722 |m p |9 00 | ||
| LOK | |0 935 |a k110 | ||
| LOK | |0 936ln |a 2.4 | ||
| LOK | |0 938 |k p | ||
| LOK | |0 939 |a 02-07-02 |b l01 | ||
| LOK | |0 000 xxxxxcx a22 zn 4500 | ||
| LOK | |0 001 3246546703 | ||
| LOK | |0 003 DE-627 | ||
| LOK | |0 004 1622620941 | ||
| LOK | |0 005 20100512082736 | ||
| LOK | |0 008 100512||||||||||||||||ger||||||| | ||
| LOK | |0 040 |a DE-21-110 |c DE-627 |d DE-21-110 | ||
| LOK | |0 541 |e 10/164 | ||
| LOK | |0 689 |a s |a Gefängnis | ||
| LOK | |0 689 |a s |a Gefängniswesen | ||
| LOK | |0 689 |a s |a USA | ||
| LOK | |0 689 |a s |a Geschichte | ||
| LOK | |0 852 |a DE-21-110 | ||
| LOK | |0 852 1 |c P I 722 |m p |9 00 | ||
| LOK | |0 936ln |a 2.4 | ||
| LOK | |0 938 |k p | ||
| LOK | |0 939 |a 12-05-10 |b l02 | ||
| ORI | |a SA-MARC-krimdoka001.raw | ||
| SIG | |a IFK: P I 722 | ||
| SIG | |a IFK: P I 722 | ||
| SIG | |a UB: KB 19 A 9162 | ||
